02353nam a2200397 a 4500001001000000003000900010005001700019007001000036008004100046020001800087040002200105082002700127100003600154245006600190250001200256260004000268300003500308500006900343500003500412504005600447504003200503505057100535586008101106600005901187650004901246651006501295651005001360910003801410942001201448945002801460952013401488952014001622952014001762956003801902999001501940000028764DO-SdBNP20171011111728.0000028764110412t2010 ck ac 001 0dspa d a9789945111651 aBPMSUbspacBPMSU 4a972.93053bB174t, 20101 aBalcácer, Juan Daniel,d1949-10aTrujillo :bel tiranicidio de 1961 /cJuan Daniel Balcácer. a4ª ed. aBogotá :bTaurus historia,c2010. a540 p. :bil., retr. ;c25 cm. aIncluye cronología del 30 de mayo, último día de Trujillo. aIncluye índice onomástico. aIncluye bibliografía y notas al pie de páginas. aBibliografía : p.493-518.0 aIntroducción --tEl último día de Trujillo: una cronología --tCaudillos y dictadores dominicanos --tLa resistencia contra Trujillo --tLa conspiración --tTrujjillo y la muerte --tEl tiranicidio --tUna vez muerto Trujillo --tTestimonios sobre el ajusticiamiento --tEl azar, Arturo Espaillat y Zacarías de la Cruz --tRomán Fernández: traidor o víctima? --tHistoriografía del 30 de mayo --tTrujillo en la narrativa --tConsideraciones finales --tApéndices --tNotas biográficas de los conjurados --tFuentes --tÍndice onomástico. aPremio Feria del Libro Eduardo León Jiménez, Mejor libro del año 2007.14aTRUJILLO MOLINA, RAFAEL LEÓNIDAS,d1891-1961xMUERTE 4aHOMICIDIO POLÍTICOzREPÚBLICA DOMINICANA 4aREPÚBLICA DOMINICANAxHISTORIAyERA DE TRUJILLO, 1930-1961 4aREPÚBLICA DOMINICANAxPOLÍTICA Y GOBIERNO aValidado. Control de calidad EMS. 2ddccBK aInventariado / 2017 VM 00102ddc40708CDaBPMETbBPMETd2015-04-27eAlfaguara l0o972.93053 B174t 2010pBPMSU15041400r2015-04-27w2015-04-27yBK 00102ddc40708CDaBPMETbBPMETd2015-04-27eAlfaguara l0o972.93053 B174t 2010pBPMSU15041401r2015-04-27te. 2w2015-04-27yBK 00102ddc40708CDaBPMETbBPMETd2015-04-28eAlfaguara l0o972.93053 B174t 2010pBPMSU15041402r2015-04-28te. 3w2015-04-28yBK aVMATEOb10c20110412lBPMSUh0069 c7719d7719